| 000 | 00458nam a2200181Ia 4500 | ||
|---|---|---|---|
| 008 | 220726s9999||||xx |||||||||||||| ||und|| | ||
| 020 | _a9789388756495 | ||
| 082 | _a610 | ||
| 082 | _bVer/P | ||
| 100 | _aVerma, Shubham & Priya, Bhanu | ||
| 245 | 0 | _aVerma-Physical Pharmaceutics- 1: As Per Pci Syllabus For B. Pharm 3rd Semester | |
| 250 | _aN/A | ||
| 260 | _aAgra | ||
| 260 | _bR. Narain Publishers | ||
| 260 | _cN/A | ||
| 300 | _a168 | ||
| 942 | _cPB | ||
| 999 |
_c35408 _d35408 |
||